Atlas of Pakistan. (Record no. 522585)

000 -LEADER
fixed length control field 01312cem a2200397 a 4500
001 - CONTROL NUMBER
control field 12301499
003 - CONTROL NUMBER IDENTIFIER
control field NUST
005 - DATE AND TIME OF LATEST TRANSACTION
control field 20181121065722.0
007 - PHYSICAL DESCRIPTION FIXED FIELD--GENERAL INFORMATION
fixed length control field ad canzn
008 - FIXED-LENGTH DATA ELEMENTS--GENERAL INFORMATION
fixed length control field 010206r1990 pk abg e f 0 eng
010 ## - LIBRARY OF CONGRESS CONTROL NUMBER
LC control number 2001622215
034 0# - CODED CARTOGRAPHIC MATHEMATICAL DATA
Category of scale a
038 ## - RECORD CONTENT LICENSOR
Staff Name Arshad
040 ## - CATALOGING SOURCE
Original cataloging agency DLC
Transcribing agency DLC
Modifying agency DLC
050 00 - LIBRARY OF CONGRESS CALL NUMBER
Classification number G2270
Item number .S8 1990
052 ## - GEOGRAPHIC CLASSIFICATION
Geographic classification area code 7640
052 ## - GEOGRAPHIC CLASSIFICATION
Geographic classification area code 7641
072 #7 - SUBJECT CATEGORY CODE
Subject category code G1
Source lcg
072 #7 - SUBJECT CATEGORY CODE
Subject category code E1
Source lcg
082 00 - DEWEY DECIMAL CLASSIFICATION NUMBER
Classification number 912.5491
Author Mark ATA
110 2# - MAIN ENTRY--CORPORATE NAME
Corporate name or jurisdiction name as entry element Survey of Pakistan.
9 (RLIN) 12623
245 10 - TITLE STATEMENT
Title Atlas of Pakistan.
255 ## - CARTOGRAPHIC MATHEMATICAL DATA
Statement of scale Scales differ.
260 ## - PUBLICATION, DISTRIBUTION, ETC.
Place of publication, distribution, etc. Rawalpindi :
Name of publisher, distributor, etc. Director Map Publication, Survey of Pakistan,
Date of publication, distribution, etc. 1990.
300 ## - PHYSICAL DESCRIPTION
Extent 1 atlas (129 p.) :
Other physical details col. maps ;
Dimensions 45 cm.
500 ## - GENERAL NOTE
General note Relief shown by contours, gradient tints, and spot heights.
500 ## - GENERAL NOTE
General note "Reprinted with minor amendments ... "--T.p. verso.
500 ## - GENERAL NOTE
General note Includes gazetteers and distance charts.
505 0# - FORMATTED CONTENTS NOTE
Formatted contents note World thematic maps -- Pakistan regional maps -- Pakistan thematic maps -- Continents maps.
651 #0 - SUBJECT ADDED ENTRY--GEOGRAPHIC NAME
Geographic name Pakistan
Form subdivision Maps.
9 (RLIN) 12624
651 #0 - SUBJECT ADDED ENTRY--GEOGRAPHIC NAME
Geographic name Pakistan
General subdivision Economic conditions
Form subdivision Maps.
9 (RLIN) 12625
651 #0 - SUBJECT ADDED ENTRY--GEOGRAPHIC NAME
Geographic name Pakistan
General subdivision Social conditions
Form subdivision Maps.
9 (RLIN) 12626
906 ## - LOCAL DATA ELEMENT F, LDF (RLIN)
a 7
b cbc
c origcop
d u
e ncip
f 20
g n-geogmaps
942 ## - ADDED ENTRY ELEMENTS (KOHA)
Source of classification or shelving scheme
Koha item type Book
Holdings
Withdrawn status Lost status Source of classification or shelving scheme Damaged status Not for loan Permanent Location Current Location Shelving location Date acquired Full call number Barcode Date last seen Copy number Price effective from Koha item type
          Central Library (CL) Central Library (CL) Book Cart 11/21/2018 912.54 ATL CL2206 04/22/2022 1 11/21/2018 Reference
© 2023 Central Library, National University of Sciences and Technology. All Rights Reserved.